Pascal : a new introduction to computer science

Bibliographic Details
Corporate Author: Pratt, Terence W. (Author)
Format: Book
Published: Englewood Cliffs, NJ : Prentice Hall , c1990
Subjects:

MARC

LEADER 00000cam a2200000 7i4500
001 0000009106
005 20070618093000.0
020 |a 0136525121 
090 0 0 |a QA76.73.P2   |b P7 1990 
110 0 |a Pratt, Terence W.   |e author 
245 0 0 |a Pascal :   |b a new introduction to computer science   |c Terence W. Pratt. 
260 2 |a Englewood Cliffs, NJ :   |b Prentice Hall ,   |c c1990 
300 |a xviii, 813 p. ; ;   |c 23 cm. 
504 |a Includes index 
650 0 |a Pascal (Computer programme language) 
999 |a 1000030554   |b Book   |c Close Access   |e Tembila Campus